LEADER 01403nam a2200325 u 4500 001 000000057427 003 CaOOAMICUS 005 20070226120600.0 008 010509s1998 it u000 u ita u 020 $a8806121383 035 $a10887918 040 $aPUL(R)$bita 041 0 $aita$heng$hger 100 1 $aStrauss, Leo,$d1899-1973.$0(OLS)http://pul/name/26684 245 10$aGerusalemme e Atene :$bstudi sul pensiero politico dell'Occidente /$cLeo Strauss ; introduzione di Roberto Esposito. 260 $aTorino :$bEinaudi,$c1998. 300 $a483 p. ;$c21 cm 490 1 $aBiblioteca Einaudi ;$v29 504 $aBibliografia in nota. 650 4$aAutoritą.$0(OLS)http://pul/subject/9446 650 4$aEbrei$xStoria.$0(OLS)http://pul/subject/6751 651 4$aGrecia antica$xStoria.$0(OLS)http://pul/subject/5349 700 1 $aEsposito, Roberto,$d1950-$0(OLS)http://pul/name/40097 830 0$aBiblioteca Einaudi ;$v29.$0(OLS)http://pul/title/60318 850 $aPUL 852 $aPUL$W1$xDP1 Altre Collocazioni$y17$mSenza collocazione$j12$nBK-PRI$b $qStampati$B75127$CPULBib$Z2$F75127 $H $81 941 1 $a8 996 $6020$a8806121383$9(OLS)http://pul/number/72548 996 $6245$aGerusalemme e Atene :$bstudi sul pensiero politico dell'Occidente$9(OLS)http://pul/title/76887 996 $6260$aTorino :$bEinaudi$9(OLS)http://pul/publisher/48130 LEADER 01490nam a2200361 a 4500 001 000000176172 003 CaOOAMICUS 005 20230921125841.0 008 230921s2023 it u000 u ita r 020 $a978-88-291-1239-5* 032 $aLibriCat 040 $aPUL$bita 084 $a345.45 110 1 $aItalia.$0(OLS)http://pul/name/1188 240 10$aCodice penale (2023).$0(OLS)http://pul/title/217672 245 10$aCodice penale e leggi complementari /$ca cura di Luigi Alibrandi. 250 $a49. ed. 260 $aPiacenza :$bLa tribuna,$c©2023. 300 $a1358 p. ;$c19 cm 490 1 $aI Codici vigenti 2023 500 $aTesto su due colonne. 500 $aSulla coperta: Aggiornato alla riforma del processo penale (D.L.vo 10 ottobre 2022, n.150). 650 4$aDiritto penale$zItalia.$0(OLS)http://pul/subject/10217 700 1 $aAlibrandi, Luigi.$0(OLS)http://pul/name/45474 830 2$aI Codici vigenti 2023.$0(OLS)http://pul/title/217670 850 $aPUL 852 $aPUL$W1$xSL Diritto e Scienze Sociali 3$y79$m348. 45 COD 3.1.159$j200333$qDDC 21$B205116$CPULBib$Z2$F205116 $H136533 $82 941 1 $a9 996 $6020$a978-88-291-1239-5*$9(OLS)http://pul/number/169359 996 $6084$a345.45$9(OLS)http://pul/classification/3450 996 $6245$aCodice penale e leggi complementari$9(OLS)http://pul/title/145633 996 $6260$aPiacenza :$bLa tribuna$9(OLS)http://pul/publisher/62750